Ore deposits and other classic localities in the Eastern Carpathians from metamorphics to volcanics /
Elmentve itt :
| Szerzők: | |
|---|---|
| Testületi szerző: | |
| Dokumentumtípus: | Cikk |
| Megjelent: |
Department of Mineralogy, Geochemistry and Petrology, University of Szeged
Szeged
2010
|
| Sorozat: | Acta mineralogica-petrographica : field guide series
19 Acta mineralogica-petrographica : field guide series 19 |
| Kulcsszavak: | Földtan, Ásványtan, Kőzettan |
| Tárgyszavak: | |
| Online Access: | http://acta.bibl.u-szeged.hu/48196 |
| LEADER | 01535nab a2200373 i 4500 | ||
|---|---|---|---|
| 001 | acta48196 | ||
| 005 | 20260212135047.0 | ||
| 008 | 170704s2010 hu o 000 eng d | ||
| 022 | |a 0324-6523, 2061-9766 | ||
| 040 | |a SZTE Egyetemi Kiadványok Repozitórium |b hun | ||
| 041 | |a eng | ||
| 100 | 1 | |a Iancu Ovidiu Gabriel | |
| 245 | 1 | 0 | |a Ore deposits and other classic localities in the Eastern Carpathians |h [elektronikus dokumentum] : |b from metamorphics to volcanics / |c Iancu Ovidiu Gabriel |
| 260 | |a Department of Mineralogy, Geochemistry and Petrology, University of Szeged |b Szeged |c 2010 | ||
| 300 | |a 1-55 | ||
| 490 | 0 | |a Acta mineralogica-petrographica : field guide series |v 19 | |
| 490 | 0 | |a Acta mineralogica-petrographica : field guide series |v 19 | |
| 650 | 4 | |a Természettudományok | |
| 650 | 4 | |a Föld- és kapcsolódó környezettudományok | |
| 695 | |a Földtan, Ásványtan, Kőzettan | ||
| 700 | 0 | 1 | |a Kovacs Marinel |e aut |
| 700 | 0 | 1 | |a Fülöp Alexandrina |e aut |
| 700 | 0 | 1 | |a Balintoni Ioan |e aut |
| 700 | 0 | 1 | |a Constantinescu Emil |e aut |
| 700 | 0 | 1 | |a Anastasiu Nicolae |e aut |
| 700 | 0 | 1 | |a Gorduza Victor |e aut |
| 700 | 0 | 1 | |a Jurje Maria |e aut |
| 700 | 0 | 1 | |a Gorduza Andrei |e aut |
| 700 | 0 | 1 | |a Popa Ciprian I. |e aut |
| 700 | 0 | 1 | |a Jakab Gyula |e aut |
| 700 | 0 | 1 | |a Sabliovschi Victor |e aut |
| 700 | 0 | 1 | |a Răileanu Marcel |e aut |
| 710 | |a General Meeting of the International Mineralogical Association (20.) (Budapest) (2010) | ||
| 856 | 4 | 0 | |u http://acta.bibl.u-szeged.hu/48196/1/field_guide_2010_019_001-055.pdf |z Dokumentum-elérés |